| 000 | 01300pam a2200277 a 4500 | ||
|---|---|---|---|
| 001 | 3842205 | ||
| 003 | OSt | ||
| 005 | 20211221122354.0 | ||
| 008 | 871203s1988 nyua b 001 0 eng | ||
| 010 | _a 87035600 | ||
| 020 | _a9780077136406 | ||
| 020 | _a0077136403 | ||
| 040 |
_aDLC _cDLC _dDLC |
||
| 050 | 0 | 0 | _aBF121.P97 |
| 082 | 0 | 0 |
_a150 _219 |
| 245 | 1 | 0 |
_aPsychology: the science of mind and behavior. / _cNigel Holt ...[et al.]. |
| 250 | _a2nd ed. | ||
| 260 |
_aNew York: _bMcGraw-Hill, _c2012. |
||
| 300 |
_axxix, 866 p. : _bill. ; |
||
| 500 | _aIncludes indexes. | ||
| 505 | _aContents: The science of psychology -- Studying behaviour scientifically -- Genes, environment and behaviour -- The brain and behaviour -- Sensation and perception -- Consciousness -- Learning: the role of experience -- Memory -- Language and thinking -- Intelligence -- Motivation and emotion -- Lifespan development I: physical and cognitive development -- lifespan development II: social and emotional development social thinking and behavior -- personality -- Health psychology: adjusting to life -- Psychological disorders -- Treatment of psychological disorders -- | ||
| 650 | 0 | _aPsychology. | |
| 700 | _qHolt, Nigel | ||
| 906 |
_a7 _bcbc _corignew _d1 _eocip _f19 _gy-gencatlg |
||
| 942 |
_2lcc _cBK |
||
| 999 |
_c8351 _d15851 |
||